[Event "Mont de Marsan op 6th"]
[Site "Mont de Marsan"]
[Date "2006.12.29"]
[Round "8"]
[White "Monbet Dufau, Philippe"]
[Black "Belingard, Andre"]
[Result "1/2-1/2"]
[WhiteElo "1640"]
[BlackElo "1670"]
[PlyCount "61"]
[EventDate "2006.12.26"]
[EventType "swiss"]
[EventRounds "9"]
[EventCountry "FRA"]
[SourceTitle "CBM 116 Extra"]
[Source "ChessBase"]
[SourceDate "2007.03.07"]
[SourceVersion "1"]
[SourceVersionDate "2007.03.07"]
[SourceQuality "1"]

1. Nf3 d5 2. d4 Nf6 3. g3 e6 4. Bg2 c5 5. 0-0 Nc6 6. Nc3 Be7 7. dxc5 Bxc5 8. Bg5 Be7 9. Re1 0-0 10. a3 h6 11. Bf4 Nh5 12. Bc1 f5 13. e3 Nf6 14. b4 Bd6 15. Bb2 Ne5 16. Nb5 Nc4 17. Nxd6 Nxb2 18. Qd4 Qxd6 19. Qxb2 Nd7 20. Red1 b5 21. a4 bxa4 22. Rxa4 Nb6 23. Raa1 Nc4 24. Qd4 Qc7 25. Bf1 Bb7 26. Bxc4 dxc4 27. Ne5 Rfd8 28. Qc3 Rxd1+ 29. Rxd1 Rd8 30. Rxd8+ Qxd8 31. Qd4 1/2-1/2

[Event "Mont de Marsan op 6th"]
[Site "Mont de Marsan"]
[Date "2006.12.28"]
[Round "6"]
[White "Monbet Dufau, Philippe"]
[Black "Garcia, Jose"]
[Result "1-0"]
[WhiteElo "1640"]
[BlackElo "1770"]
[PlyCount "62"]
[EventDate "2006.12.26"]
[EventType "swiss"]
[EventRounds "9"]
[EventCountry "FRA"]
[SourceTitle "CBM 116 Extra"]
[Source "ChessBase"]
[SourceDate "2007.03.07"]
[SourceVersion "1"]
[SourceVersionDate "2007.03.07"]
[SourceQuality "1"]

1. e4 c5 2. Nf3 Nc6 3. c3 Nf6 4. e5 Nd5 5. Bc4 Nb6 6. Bb3 d6 7. exd6 exd6 8. 0-0 Be6 9. d4 cxd4 10. Re1 d5 11. Bg5 Be7 12. Bxe7 Nxe7 13. Nxd4 Qd7 14. Nd2 0-0-0 15. a4 Ng6 16. a5 Na8 17. Ba4 Qe7 18. a6 Rd6 19. Nf5 Qc7 20. axb7+ Kb8 21. bxa8Q+ Kxa8 22. Nxd6 Qxd6 23. Nc4 Qc5 24. Na5 Ne7 25. Nb3 Qb6 26. Nd4 Qd6 27. Bb5 Qb6 28. Ra6 Qc5 29. Qa4 Rc8 30. Ra1 Rc7 31. b4 Qb6 1-0

[Event "Mont de Marsan op"]
[Site "Mont de Marsan"]
[Date "2005.12.28"]
[Round "6"]
[White "Monbet Dufau, Philippe"]
[Black "Jacquot, David"]
[Result "0-1"]
[WhiteElo "1620"]
[BlackElo "1850"]
[PlyCount "38"]
[EventDate "2005.12.26"]
[EventType "swiss"]
[EventRounds "7"]
[EventCountry "FRA"]
[SourceTitle "CBM 110 Extra"]
[Source "ChessBase"]
[SourceDate "2006.03.10"]
[SourceVersion "2"]
[SourceVersionDate "2006.03.10"]
[SourceQuality "1"]

1. e4 b6 2. Nc3 e6 3. d4 Bb7 4. Nf3 Bb4 5. Bd3 Nc6 6. Qe2 Bxc3+ 7. bxc3 Nge7 8. 0-0 0-0 9. Bg5 f6 10. Bh4 Ng6 11. Bg3 Nce7 12. c4 f5 13. exf5 Nxf5 14. Ne5 Ngh4 15. d5 exd5 16. Rad1 d6 17. Bxh4 Qxh4 18. Nf3 Qf6 19. Qd2 d4 0-1

[Event "Mont de Marsan op"]
[Site "Mont de Marsan"]
[Date "2005.12.26"]
[Round "2"]
[White "Monbet Dufau, Philippe"]
[Black "Moulie, Patrick"]
[Result "1-0"]
[WhiteElo "1620"]
[BlackElo "1871"]
[PlyCount "83"]
[EventDate "2005.12.26"]
[EventType "swiss"]
[EventRounds "7"]
[EventCountry "FRA"]
[SourceTitle "CBM 110 Extra"]
[Source "ChessBase"]
[SourceDate "2006.03.10"]
[SourceVersion "2"]
[SourceVersionDate "2006.03.10"]
[SourceQuality "1"]

1. e4 a6 2. Nf3 e6 3. d4 b5 4. Be2 Bb7 5. d5 Nf6 6. Bg5 Be7 7. Bxf6 Bxf6 8. e5 Bg5 9. Nc3 b4 10. Ne4 Bh6 11. Bc4 0-0 12. Nc5 Bc8 13. a3 d6 14. Nd3 bxa3 15. Rxa3 exd5 16. Bxd5 c6 17. Ba2 d5 18. 0-0 Bg4 19. h3 Bf5 20. Nd4 Bd7 21. Nc5 Bc8 22. Re1 Qb6 23. Na4 Qc7 24. Qh5 Kh8 25. Rf3 Qa5 26. Nc3 Bd2 27. Rxf7 Rg8 28. b4 Qxb4 29. Nxd5 cxd5 30. Bxd5 Qxd4 31. Rxg7 Kxg7 32. Qf7+ Kh6 33. Qxg8 Bxe1 34. Qf8+ Kh5 35. Bf3+ Bg4 36. Bxg4+ Qxg4 37. hxg4+ Kxg4 38. Qf3+ Kg5 39. Qxa8 Nd7 40. Qd8+ Kf4 41. Qxd7 a5 42. e6 1-0